IFM Opac

Comrade Chiang Ch'ing (Record no. 16753)

MARC details
000 -LEADER
fixed length control field 00342nam a22001337a 4500
020 ## - INTERNATIONAL STANDARD BOOK NUMBER
International Standard Book Number 0 297 77346 1
082 ## - DEWEY DECIMAL CLASSIFICATION NUMBER
Classification number 951. 050924 WIT
100 ## - MAIN ENTRY--PERSONAL NAME
Personal name WITKE, Roxane
245 ## - TITLE STATEMENT
Title Comrade Chiang Ch'ing
260 ## - PUBLICATION, DISTRIBUTION, ETC.
Place of publication, distribution, etc. London
Name of publisher, distributor, etc. Weidenfled and Nicolson
Date of publication, distribution, etc. 1978
300 ## - PHYSICAL DESCRIPTION
Extent xxvi, 549 p.
Other physical details ill.; 24 cm.
500 ## - GENERAL NOTE
General note Includes maps and index
942 ## - ADDED ENTRY ELEMENTS (KOHA)
Koha item type Books
Holdings
Withdrawn status Lost status Source of classification or shelving scheme Damaged status Not for loan Home library Current library Shelving location Date acquired Full call number Barcode Date last seen Price effective from Koha item type
    Dewey Decimal Classification     IFM Main Campus Library IFM Main Campus Library   10/04/2016 951. 050924 WIT 0000006218 10/04/2016 10/04/2016 Books